000 00724 a2200193 4500
003 NUST
005 20251218133335.0
040 _cNust
082 _a621.382,SAL
100 _aSaleem, SGT Saad. (TE-48)
_9132439
245 _aFire Fighter Robot /
_cSGT Saad Saleem, GC Hanzia Cheema, SGT ECA Roheb ali and FC Fateullah
260 _aRawalpindi
_bMCS (NUST)
_c25-06-2015
300 _axii,54 p.;
505 _aIntroduction (Page-1), Literature Review (Page-4), Design and Development (Page-17), Project Development (Page-35), Recommendation for future Work (Page-42), Conclusion (Page-43).
650 _aUG Project
_9131132
651 _aTE-48
700 _aSupervised by Dr. Imran Touqir.
_9132440
942 _cPR
_2ddc
999 _c217222
_d217222